El tigre luminoso /

保存先:
書誌詳細
第一著者: Chase Brenes, Alfonso 1944-
フォーマット: 不明
言語:Spanish
出版事項: San José, Costa Rica : Editorial Costa Rica, 1983.
主題:
タグ: タグ追加
タグなし, このレコードへの初めてのタグを付けませんか!

MARC

LEADER 000000000a22000000004500
001 002117
008 200206b xxu||||| |||| 00| 0 spa d
020 |a 9977-23-008-0 
041 0 |a español 
082 |a CR861.4  |b Ch487t 
100 1 |a Chase Brenes, Alfonso   |d 1944- 
245 1 3 |a El tigre luminoso / 
260 1 |a San José, Costa Rica :  |b Editorial Costa Rica,  |c 1983. 
300 |a 144 páginas 
650 4 |a LITERATURA COSTARRICENSE  |9 76 
650 4 |a POESIA  |9 159 
942 |2 ddc  |c BK 
999 |c 2986  |d 2986